A carregar...

Kamala Dasinte theranjedutha kavithakal

Detalhes bibliográficos
Main Authors: Abraham; Translator, Kamala Das; Author
Formato: Printed Book
Publicado em: Kottayam, D C Books 2000
Assuntos:
LEADER 006500000a22002050004500
020 |a 81-264-0125-7 
040 |a MAL 
082 |a In 821 KAM/KA 32P0 
100 |a Abraham; Translator 
100 |a Kamala Das; Author 
245 |a Kamala Dasinte theranjedutha kavithakal 
250
260 |a Kottayam, D C Books 
260 |c 2000 
460 |a 183 
465 |a Rs.65.00 
500 |a Kamala Das;tr.by Abraham 
650 |a Indian English poetry 
999 |c 30898  |d 30898 
952 |0 0  |1 0  |4 0  |6 IN_000000000000000_821_KAMKA_3  |7 0  |8 MAL  |9 30946  |a MGUL  |b MGUL  |d 2013-07-16  |e Rs.65.00  |l 1  |o In 821 KAM/KA 32P0  |p 31405  |q 2005-12-26  |r 2013-07-17  |s 2013-07-17  |w 2013-07-16  |y BK